Splavy redkich metallov s osobymi fizičeskimi svojstvami : Redkozemeľnyje i blagorodnyje metally

Uložené v:
Podrobná bibliografia
Médium: Kniha
Jazyk:Russian
Vydavateľské údaje: Moskva : Nauka, 1983
Tagy: Pridať tag
Žiadne tagy, Buďte prvý, kto otaguje tento záznam!

MARC

LEADER 00000nam a22000003a 4500
001 stu42242
005 20141122043335.1
008 940223s1983----xxr-----------------rus-d
040 |a STU  |b slo 
041 0 |a rus 
044 |a xxr 
245 |a Splavy redkich metallov s osobymi fizičeskimi svojstvami :  |b Redkozemeľnyje i blagorodnyje metally 
260 |a Moskva :  |b Nauka,  |c 1983 
300 |a 223s 
996 |b 284M062498  |c M*7031-1  |l MMKN  |s A  |a 24  |w stu42242_0001